000 01300nam a22002177a 4500
999 _c1232
_d1232
003 AR-CdUCM
008 190226b ||||| |||| 00| 0 spa d
040 _aMUNICIPALIDAD PROVINCIAL DEL CUSCO
_cBIBLIOTECA MUNICIPAL DEL CUSCO
082 _a377.2974 /
_bM42
100 _aMendoza Ávila,Eusebio
_94806
245 _aEl politécnico las leyes y los hombres :
_breseña histórica de la educación tecnológica y recopilación de la legislación educativa en México 1551-1974 /
260 _aMéxico :
_bTalleres gráficos de la dirección de publicaciones del Instituto Politécnico Nacional,
_c1981.
300 _a346 páginas ;
_c21.5 cm.
505 _aTomo 1 : Breve historia de la enseñanza técnica -- Génesis del Politécnico -- Fundación del instituto Politecnicoe Nacional -- Escuela Superior de Comercio y Administración -- Escuela Federal de Industrias Textiles ...
505 _aTomo 5 : Epoca revolucionaria constitucionalista -- Periodo presidencial de don Venustiano Carranza -- Periodo presidencial del gral. Alvaro Obregon -- Periodo presidencial del gral. Plutarco Elias Calles -- Periodo presidencial del Lic, Emilio Portes Gil
650 _aHistoria
_9136
650 _aCultura mexicana
_94807
650 _aLeyes
_94808
942 _2ddc
_cLIBROS
945 _aafb
_d2019-02-26